From atoms to stars.

Bibliographic Details
Main Author: Davidson, Martin
Format: Book
Language:English
Published: London, New York : Hutchinson's Scientific & Technical Publications, [1952]
Edition:[3d ed., rev. and enl.].
Subjects:

MARC

Tag First Indicator Second Indicator Subfields
LEADER 00000cam a2200000 4500
001 in00000052181
005 20151007070020.0
008 750508s1952 enk 00000 eng u
010 |a  52031602  
035 |a (OCoLC)01319554 
035 |9 AAE3160AM 
040 |c GAT  |d TXA  |d UtOrBLW 
049 |a TXAM  |c [421973] 
050 0 0 |a QB44  |b .D36 1952 
082 0 |a 523 
092 |a 523  |b D253f, 1952 
100 1 |a Davidson, Martin. 
245 1 0 |a From atoms to stars. 
250 |a [3d ed., rev. and enl.]. 
264 1 |a London,  |a New York :  |b Hutchinson's Scientific & Technical Publications,  |c [1952] 
300 |a 280 pages :  |b illustrations ;  |c 22 cm. 
336 |a text  |b txt  |2 rdacontent 
337 |a unmediated  |b n  |2 rdamedia 
338 |a volume  |b nc  |2 rdacarrier 
650 0 |a Astronomy. 
650 0 |a Nuclear physics. 
999 |a MARS 
999 f f |s a7cdb6da-244b-34c8-b52d-ee3e06976dac  |i c9e343fc-47ab-3983-b9a1-dc4aa8da3424  |t 0 
952 f f |p ric  |a Texas A&M University  |b Rellis Campus  |c Joint Library Facility  |d Remote Storage  |t 0  |e QB44 .D36 1952  |h Library of Congress classification  |i unmediated -- volume  |m A14800899773 
998 f f |a QB44 .D36 1952  |t 0  |l Remote Storage